Statistics for Which Country is Closest to the Capital?

Click here to take the quiz!

General Stats

  • This quiz has been taken 41 times
  • The average score is 17 of 21

Answer Stats

CapitalClosest Country% Correct
ParisBelgium
100%
RomeVatican City
98%
MoscowBelarus
95%
BeijingMongolia
95%
CairoIsrael
93%
IslamabadIndia
90%
New DelhiNepal
90%
HavanaUnited States
90%
ViennaSlovakia
88%
BrasiliaBolivia
85%
QuitoColombia
85%
SofiaSerbia
85%
AsunciónArgentina
80%
HelsinkiEstonia
80%
DamascusLebanon
80%
AlgiersSpain
80%
San SalvadorHonduras
75%
BangkokMyanmar
73%
AbujaCameroon
60%
TehranTurkmenistan
60%
JartumSouth Sudan
40%

Score Distribution

Percentile by Number Answered

Percent of People with Each Score

Your Score History

You have not taken this quiz